Sports Quiz

Random Sports or NBA Quiz

Former Sports Teams' Logos Quiz Stats

 Plays Quiz Updated Nov 25, 2019

Score 0/16 Timer 03:00
76 Plays Today
% Correct
Minnesota North Stars
94.6%
Seattle Supersonics
93.3%
Houston Oilers
91%
Buffalo Braves
89.3%
Hartford Whalers
88.7%
Oklahoma City Hornets
87.7%
Providence Steamrollers
87.5%
Montreal Expos
86.3%
% Correct
Anaheim Amigos
85.8%
Washington Senators
85%
Atlanta Thrashers
83.3%
San Diego Conquistadors
83.2%
Quebec Nordiques
79.8%
Virginia Squires
79%
Fort Wayne Pistons
74.6%
Kentucky Colonels
59.8%

You're not logged in!

Compare scores with friends on all Sporcle quizzes.
OR
Log In

Sporcle TV

Today on Sporcle TV


Watch our educational content, quiz creation guides, and fun videos on Sporcle TV.

Show Comments

Extras

Top Quizzes Today


Score Distribution

Your Account Isn't Verified!

In order to create a playlist on Sporcle, you need to verify the email address you used during registration. Go to your Sporcle Settings to finish the process.

Report this User

Report this user for behavior that violates our Community Guidelines.

Details: